Rozvoj soukromých penzí v rámci důchodové reformy ve Velké Británii

Odlišnosť britského dôchodkového systému od tradičných európskych sústav. Povinný štátny dôchodkový systém - poskytuje veľmi nízke dôchodky. Podstatný zdroj príjmov - súkromný doplnkový dôchodkový systém: zamestnanecké penzijné fondy a individuálne penzijné účty.

Guardado en:
Detalles Bibliográficos
Autor principal: Samek, Vít
Formato: Capítulo de libro
Lenguaje:checo
Materias:
Etiquetas: Agregar Etiqueta
Sin Etiquetas, Sea el primero en etiquetar este registro!

MARC

LEADER 00000naa a2200000 4500
001 r044887
005 20230913072242.5
041 0 |a cze 
044 |a CZ 
245 1 0 |a Rozvoj soukromých penzí v rámci důchodové reformy ve Velké Británii  |c Vít Samek 
520 |a Odlišnosť britského dôchodkového systému od tradičných európskych sústav. Povinný štátny dôchodkový systém - poskytuje veľmi nízke dôchodky. Podstatný zdroj príjmov - súkromný doplnkový dôchodkový systém: zamestnanecké penzijné fondy a individuálne penzijné účty. 
610 2 0 |a dôchodky starobné 
610 2 0 |a reformy 
610 2 0 |a Veľká Británia 
610 2 0 |a poistenie dôchodkové 
610 2 0 |a poistenie dôchodkové doplnkové 
610 2 0 |a fondy penzijné 
100 1 |a Samek, Vít